000 00597nam a2200169Ia 4500
008 090201s9999 xx 000 0 und d
010 _aKPL-48733
040 _bमराठी
041 _aमराठी
082 _a12319
_b48733
100 _aअरुण गोडबोले
245 _aअजिंक्यतारा ते आल्पस
_cअरुण गोडबोले
260 _c2004
_bकौशिक व्याख्यानमाला
300 _a316
_bमोठा
600 _aअजिंक्यतारा ते आल्पस
942 _cBOOK
999 _c212681
_d212681